110 casos de derecho romano y otros ejercicios prácticos

Guardado en:
Detalles Bibliográficos
Autor principal: Valiño, Emilio (Autor)
Formato: Libro
Lenguaje:español
Publicado: Valencia Universidad de Valencia 1976
Materias:
Etiquetas: Agregar Etiqueta
Sin Etiquetas, Sea el primero en etiquetar este registro!

MARC

LEADER 00000nam a2200000 a 4500
001 UCZ6641
003 CL-VaPUC
008 951214e19760000SP |||||||||||||||||spa|d
082 0 4 |a 340.54  |b VAL  |2 21 
100 0 |a Valiño, Emilio  |e author  |9 351053 
245 1 0 |a 110 casos de derecho romano y otros ejercicios prácticos 
300 |a 200 p 
942 |c BK 
945 |d 19951214 00:00:00  |a rleighto 
260 |a Valencia  |b Universidad de Valencia  |c 1976 
650 0 |a Derecho romano  |9 255930 
583 |a last modification  |c 19951214 00:00:00  |k Rodrigo Vera 
999 |c 242834  |d 242832 
952 |0 0  |1 0  |4 0  |6 340_540000000000000_VAL_1976  |7 0  |8 A  |9 256074  |a BIBDER  |b BIBDER  |d 2019-11-19  |i 3154769  |l 3  |o 340.54 VAL 1976  |p 3154769  |r 2024-11-22  |s 2024-11-15  |w 2019-11-19  |y BK  |k DER 
952 |0 0  |1 0  |4 0  |6 340_540000000000000_VAL_1976  |7 0  |8 DER_ROM  |9 256075  |a BIBDER  |b BIBDER  |d 2019-11-19  |i 1894439  |o 340.54 VAL 1976  |p 1894439  |r 2023-01-25  |w 2019-11-19  |x Ubicación 4to piso  |y BK  |z Este recurso debe solicitarse con anticipación  |k DER